| 000 | 00807nam a2200289 a 4500 | ||
|---|---|---|---|
| 001 | 1216 | ||
| 005 | 20140414131918.0 | ||
| 008 | 041110s19uu xx 00 eng d | ||
| 020 | _a0-395-48011-6 | ||
| 050 |
_aTR 808.83 _bB417 Bk. C |
||
| 245 |
_aThe beginning to read C : _bgood ideas. |
||
| 260 |
_aBoston, MA : _bHoughton Mifflin, _c1989. |
||
| 300 | _a80 p. : ill. ; cm. | ||
| 440 | _aHoughton Mifflin Readers | ||
| 500 | _aContents: Pumpkin pumpkin--The Pig and the pencil--Water is wet--Happiness--Boo Bear takes a rest --My new boy--Mr. Robot. | ||
| 650 | _aReading. | ||
| 650 | _aChildren stories. | ||
| 999 |
_c111582 _d111582 |
||